00675nam a2200193Ia 4500008004100000040007000041041000800111100001600119245011100135260003700246300003000283500002000313650001400333650001400347650003600361700002000397700003800417765002600455130821s1960 sp a gr spa  aCO-BoUCMbspacAngélica RojasdAldemar Mondragón (modificó) aspa1 aMorris, Max10aEcuaciones diferencialescMax Morris y Orley E. Brown ;traducción del inglés por Julio Porcel Moleón aMadrid (España)bAguilarc1960 a332 páginasbgráficas aIncluye indices 7aÁlgebra 7aCálculo 7aEcuaciones diferenciales2embne1 aBrown, Orley E.1 aPorcel Moleón, Julioetraductor tDiferential equations